000 01021cam a2200241 4500
001 WB4013-11
008 040331n2004 000 0 eng u
035 _a(Sirsi) u125686
245 _aSupport for windfall tax
260 _c2004
490 _aRegeneration and Renewal
_v26 March 2004, 8(1)
520 _aGovernment has given conditional support to a windfall tax on the rise in value of land when a development receives planning permission. The tax has been proposed in Kate Barker's report, to raise funds for new housing, infrastructure and industry training. "Delivering stability: securing our future housing need" is available at http://www.hm-treasury.gov.uk/consultations_and_le gislation/barker/consult_barker_index.cfm.
590 _aWB
590 _aWB
650 _aLAND TAX
650 _aPLANNING PERMISSIONS
650 _aBUILDING DEVELOPMENT
650 _aHOUSING DEVELOPMENTS
650 _aInfrastructure
_96246
650 _aTRAINING
690 _aPROPERTY AND LAND LAW
942 _n0
999 _c117152
_d117152